Foreign trade of Ukraine in goods and services in ... (Record no. 6491)

MARC details
000 -LEADER
fixed length control field 00587nam a22002057i 4500
001 - CONTROL NUMBER
control field 7637
003 - CONTROL NUMBER IDENTIFIER
control field OSt
005 - DATE AND TIME OF LATEST TRANSACTION
control field 20170126082402.0
007 - PHYSICAL DESCRIPTION FIXED FIELD--GENERAL INFORMATION
fixed length control field tu
008 - FIXED-LENGTH DATA ELEMENTS--GENERAL INFORMATION
fixed length control field 161220s1998 xxu||||| |||| 00| 0 ukr d
024 7# - OTHER STANDARD IDENTIFIER
Standard number or code 7637
Source of number or code RID
024 7# - OTHER STANDARD IDENTIFIER
Standard number or code 7637
Source of number or code RSN (alt)
040 ## - CATALOGING SOURCE
Transcribing agency OSt
041 ## - LANGUAGE CODE
Language code of text/sound track or separate title ukr
110 2# - MAIN ENTRY--CORPORATE NAME
Corporate name or jurisdiction name as entry element Ukrainisches Ministerium für Statistik
245 00 - TITLE STATEMENT
Title Foreign trade of Ukraine in goods and services in ...
260 ## - PUBLICATION, DISTRIBUTION, ETC.
Place of publication, distribution, etc. Kiev,
Date of publication, distribution, etc. 1998(1,2,3), 1999(1,2,3), 2000(1,2,3), 2005(1,2,3), 2006, 2007(1,2,3).
490 ## - SERIES STATEMENT
Series statement Foreign trade of Ukraine in goods and services in ...
651 ## - SUBJECT ADDED ENTRY--GEOGRAPHIC NAME
Geographic name Ukraine
942 ## - ADDED ENTRY ELEMENTS (KOHA)
Koha item type Statistics
Holdings
Withdrawn status Lost status Damaged status Not for loan Home library Current library Shelving location Date acquired Inventory number Total Checkouts Barcode Date last seen Price effective from Koha item type
        WIIW WIIW Library 07/19/2007 7637   10003605 01/26/2017 01/26/2017 Statistics
The Vienna Instiute for International Economic Studies (wiiw)